| 000 | 00663na a2200241 4500 | ||
|---|---|---|---|
| 001 | 15630 | ||
| 003 | MIRAKIL | ||
| 005 | 20181213154810.0 | ||
| 008 | 170623b tu 000 0 | ||
| 020 | _a9753532555 | ||
| 035 | _a15630 | ||
| 040 |
_aMilas _btur _cTR-AnCHP |
||
| 082 |
_a320.9553 _bD35d 2002 |
||
| 090 | _a320.9553 D35d 2002 | ||
| 100 | _aDemirkol, Ferman | ||
| 245 |
_aDiktatörleri uyku tutmaz _cFerman Demirkol |
||
| 260 |
_aİstanbul _bDer yayınevi _c2002 |
||
| 300 |
_axvı, 326 s. _c20 sm. |
||
| 490 |
_aDer yayınları _v325 |
||
| 650 |
_aAzerbaycan _xUluslararası ilişkiler |
||
| 650 |
_aSiyasal tarih _zAzerbaycan |
||
| 942 |
_2ddc _cBKS |
||
| 999 |
_c1042 _d1042 |
||